Welcome to the Holygrace Academy Library

Please use search bar below to get started

THE POWER OF POSITIVE THINKING (Record no. 9183)

MARC details
000 -LEADER
fixed length control field 00350nam a22001337a 4500
082 ## - DEWEY DECIMAL CLASSIFICATION NUMBER
Classification number 158
Item number PEA/P
100 ## - MAIN ENTRY--AUTHOR NAME
Personal name PEALE, NORMAN VINCENT
245 ## - TITLE STATEMENT
Title THE POWER OF POSITIVE THINKING
246 ## - VARYING FORM OF TITLE
Title proper/short title THE POWER OF POSITIVE THINKING
Remainder of title THE POWER OF POSITIVE THINKING
260 ## - PUBLICATION, DISTRIBUTION, ETC. (IMPRINT)
Place of publication NEW DELHI
Name of publisher M G BOOKS
300 ## - PHYSICAL DESCRIPTION
Number of Pages 238
650 ## - SUBJECT ADDED ENTRY--TOPICAL TERM
Topical Term MOTIVATIONAL
942 ## - ADDED ENTRY ELEMENTS (KOHA)
Koha item type Books
Holdings
Withdrawn status Lost status Collection code Home library Current library Date acquired Source of acquisition Cost, normal purchase price Full call number Accession Number Koha item type
    SELF STUDY , MOTIVATIONAL Main Library Main Library 02/12/2025 PURCHASED 195.00 158 PEA/P 13894 Books